| 000 | 00927nam a2200193Ia 4500 | ||
|---|---|---|---|
| 999 |
_c49172 _d49172 |
||
| 001 | 16083 | ||
| 003 | GE_BSU | ||
| 005 | 20241209135631.0 | ||
| 008 | 181216s2003||||ge |||||||||||||| ||geo|| | ||
| 040 | _cGE_BSU | ||
| 041 | _ageo | ||
| 080 | _a1(479.22) ფ-56 | ||
| 245 |
_aფილოსოფიური ძიებანი - Philosophical investigations : _bკრებული 7 / _cრედ. : სერგი ავალიანი ; სარედ. კოლ. ა.ბრეგაძე, დ. გეგეშიძე და სხვ. |
||
| 264 |
_aთბილისი : _bშპს გამ-ბა ”ლეგას”, _c2003. |
||
| 300 |
_a384 გვ. ; _c20 სმ. |
||
| 653 | _aფილოსოფიური ძიებანი | ||
| 710 |
_aსაქართველოს ფილოსოფიურ მეცნიერებათა აკადემია _9222 |
||
| 942 |
_cBK _2udc |
||